Tetamu bilik baru

Bibliographic Details
Main Author: Jefri, Tomi
Format: Book
Published: Selangor : Pustaka Pepada Jaya , 2002
Series:Koleksi eksplorasi remaja
Subjects:

MARC

LEADER 00000cam a2200000 7i4500
001 0000001277
005 20151222.0
008 070704
020 |a 9830222225 
090 0 0 |a JF   |b MAL 
100 1 |a Jefri, Tomi 
245 1 0 |a Tetamu bilik baru   |c Tomi Jefri 
260 |a Selangor :   |b Pustaka Pepada Jaya ,   |c 2002 
440 |a Koleksi eksplorasi remaja 
500 |a Children ages 7-9 years old (orange) 
650 0 |a Malay fiction 
999 |a 0000956760   |b Book   |c Children Collection   |e Perbadanan Perpustakaan Awam Johor 
999 |a 0000956761   |b Book   |c Children Collection   |e Perbadanan Perpustakaan Awam Johor 
999 |a 0000956762   |b Book   |c Children Collection   |e Perbadanan Perpustakaan Awam Johor 
999 |a 0000956763   |b Book   |c Children Collection   |e Cawangan Sri Merlong 
999 |a 0000956764   |b Book   |c Children Collection   |e Perbadanan Perpustakaan Awam Johor